[Event "10.  Open C.A. Ciudad los Angeles"]
[Site "Madrid ESP"]
[Date "2016.04.10"]
[Round "2.13"]
[White "Benitez Robles, Antonio"]
[Black "Martin Garcia, Francisco Javie"]
[Result "0-1"]
[WhiteElo "1390"]
[BlackElo "1617"]
[PlyCount "144"]
[EventDate "2016.04.03"]
[EventType "swiss"]
[EventRounds "9"]
[EventCountry "ESP"]
[Source "lmi"]
[SourceDate "2016.04.03"]

1. Nf3 c5 2. g3 d5 3. Bg2 g6 4. O-O Bg7 5. c3 Nc6 6. d3 Nf6 7. Nbd2 O-O 8. Re1
e5 9. Qc2 h6 10. e4 Be6 11. a3 Rc8 12. c4 dxe4 13. dxe4 Nd4 14. Qc3 Ne8 15. Nf1
b5 16. N3d2 b4 17. Qd3 a5 18. a4 Nd6 19. Ne3 f5 20. b3 Ne8 21. Nc2 f4 22. Nxd4
exd4 23. e5 Bf5 24. Qf3 fxg3 25. fxg3 Kh7 26. Qd5 Qe7 27. Bh1 Nc7 28. Qd6 Qe8
29. Bc6 Qe6 30. Qxe6 Nxe6 31. Bg2 d3 32. Bb2 Rcd8 33. Rad1 Bg4 34. Rc1 Be2 35.
Bd5 Rde8 36. Be4 Ng5 37. Rb1 Bxe5 38. Bxe5 Rxe5 39. Bg2 Ref5 40. Bf1 Bxf1 41.
Re7+ Kg8 42. Rbe1 Nh3+ 43. Kh1 Be2 44. Kg2 Ng5 45. h4 Rf2+ 46. Kg1 Nh3+ 47. Kh1
Bf3+ 48. Nxf3 R2xf3 49. Kg2 Nf2 50. Rd7 Ng4 51. Ree7 R3f7 52. Rxf7 Rxf7 53.
Rxd3 Ne5 54. Rd5 Nd7 55. h5 g5 56. g4 Kf8 57. Rd6 Kg7 58. Kg3 Ne5 59. Ra6 Rf3+
60. Kg2 Rxb3 61. Rxa5 Nxc4 62. Rxc5 Rb2+ 63. Kg1 Ne3 64. Rc7+ Kf8 65. Rc8+ Ke7
66. a5 Ra2 67. Rb8 Nc2 68. Rc8 b3 69. Rc3 b2 70. Rc7+ Kd6 71. Rb7 Ra1+ 72. Kg2
b1=Q 0-1

[Event "10.  Open C.A. Ciudad los Angeles"]
[Site "Madrid ESP"]
[Date "2016.04.10"]
[Round "2.14"]
[White "Ballesteros Jimenez, Miguel A"]
[Black "Ghavami, Mahmoud"]
[Result "1-0"]
[WhiteElo "1591"]
[BlackElo "1403"]
[PlyCount "99"]
[EventDate "2016.04.03"]
[EventType "swiss"]
[EventRounds "9"]
[EventCountry "ESP"]
[Source "lmi"]
[SourceDate "2016.04.03"]

1. e4 e5 2. Nf3 Nc6 3. Bb5 a6 4. Ba4 Nf6 5. Qe2 d6 6. c3 Bg4 7. d3 Be7 8. Nbd2
b5 9. Bc2 Qd7 10. O-O O-O 11. Nb3 Ne8 12. Rd1 f5 13. d4 f4 14. Qd3 Rf7 15. dxe5
Bxf3 16. Qxf3 Nxe5 17. Qh5 g5 18. Nc5 Qg4 19. Qxg4 Nxg4 20. Nd3 c5 21. f3 Ne5
22. Nxe5 dxe5 23. Rd5 Bd6 24. a4 b4 25. cxb4 cxb4 26. a5 Rd8 27. Rd3 Rfd7 28.
Ba4 Bc5+ 29. Be3 Bxe3+ 30. Rxe3 Rd2 31. Rb3 Nf6 32. Rxb4 Re2 33. Bb3+ Kg7 34.
Bc4 Rc2 35. Bxa6 Rdd2 36. Bf1 Rxb2 37. Rxb2 Rxb2 38. a6 Nd7 39. a7 Nb6 40. a8=Q
Nxa8 41. Rxa8 h5 42. Ra6 g4 43. Re6 gxf3 44. gxf3 Rb3 45. Kf2 Rb2+ 46. Be2 Rb1
47. Rxe5 Kg6 48. Rf5 Rh1 49. Kg2 Re1 50. Bc4 1-0

[Event "10.  Open C.A. Ciudad los Angeles"]
[Site "Madrid ESP"]
[Date "2016.04.17"]
[Round "3.1"]
[White "Afana, Adham Jj"]
[Black "Aziz Ortego, Omar Luis"]
[Result "0-1"]
[WhiteElo "2104"]
[BlackElo "2030"]
[PlyCount "116"]
[EventDate "2016.04.03"]
[EventType "swiss"]
[EventRounds "9"]
[EventCountry "ESP"]
[Source "lmi"]
[SourceDate "2016.04.03"]

1. e4 d6 2. d4 Nd7 3. Nf3 e5 4. dxe5 dxe5 5. Bc4 Qe7 6. O-O h6 7. Nc3 c6 8. h3
g6 9. Be3 Bg7 10. a4 Ngf6 11. Qe2 Nc5 12. Nd2 Nh5 13. Nb3 Ne6 14. Bxe6 Bxe6 15.
Nc5 Bc8 16. Nd3 Qc7 17. b4 O-O 18. Rab1 Nf4 19. Qd2 g5 20. b5 Be6 21. b6 axb6
22. Bxb6 Qc8 23. Qe3 Bc4 24. Rfd1 Ne6 25. Ne2 Rxa4 26. Ng3 Nd4 27. Nb2 Rb4 28.
Nxc4 Rxc4 29. c3 Nb5 30. Nf5 Re8 31. Rd3 Bf8 32. Rbd1 Qe6 33. h4 c5 34. Bd8 g4
35. h5 Kh7 36. Bh4 Qc6 37. f3 Ra8 38. Be7 gxf3 39. gxf3 Bxe7 40. Nxe7 Qf6 41.
Nf5 Ra3 42. Rd7 Ra6 43. Rxb7 Rxc3 44. Qd2 Nd4 45. Nxd4 cxd4 46. Qg2 Qf4 47. Rb8
Qe3+ 48. Kh1 Qxf3 49. Qxf3 Rxf3 50. Rg1 Rh3+ 51. Kg2 Rxh5 52. Kf3 Rh2 53. Kg3
Re2 54. Rf1 Rg6+ 55. Kh3 Re3+ 56. Kh2 f6 57. Rc1 Rg7 58. Rb6 Rxe4 0-1

[Event "10.  Open C.A. Ciudad los Angeles"]
[Site "Madrid ESP"]
[Date "2016.04.17"]
[Round "3.3"]
[White "Romero Fite, Miguel"]
[Black "Largo Barbero, Benito"]
[Result "0-1"]
[WhiteElo "1669"]
[BlackElo "1944"]
[PlyCount "48"]
[EventDate "2016.04.03"]
[EventType "swiss"]
[EventRounds "9"]
[EventCountry "ESP"]
[Source "lmi"]
[SourceDate "2016.04.03"]

1. e4 Nf6 2. e5 Nd5 3. d4 d6 4. c4 Nb6 5. exd6 exd6 6. Be3 Nc6 7. Bd3 Be7 8.
Ne2 O-O 9. O-O f5 10. Nbc3 Bg5 11. Qd2 Bxe3 12. Qxe3 Qf6 13. Nb5 f4 14. Qf3 Bd7
15. Nxc7 Rac8 16. Nd5 Nxd5 17. Qxd5+ Kh8 18. a3 Ne7 19. Qxb7 Bc6 20. Qxa7 f3
21. gxf3 Qxf3 22. d5 Nxd5 23. Nd4 Qg4+ 24. Kh1 Ne3+ 0-1

[Event "10.  Open C.A. Ciudad los Angeles"]
[Site "Madrid ESP"]
[Date "2016.04.17"]
[Round "3.5"]
[White "Sotres Menendez, Raul"]
[Black "Garcia De Quesada, Ignacio"]
[Result "1-0"]
[WhiteElo "1545"]
[BlackElo "1901"]
[PlyCount "59"]
[EventDate "2016.04.03"]
[EventType "swiss"]
[EventRounds "9"]
[EventCountry "ESP"]
[Source "lmi"]
[SourceDate "2016.04.03"]

1. e4 c5 2. Nf3 Nc6 3. d4 cxd4 4. Nxd4 Nf6 5. Nc3 e5 6. Ndb5 d6 7. Bg5 a6 8.
Na3 Be7 9. Nc4 b5 10. Bxf6 bxc4 11. Bxe7 Nxe7 12. Bxc4 O-O 13. O-O Kh8 14. Nd5
Ng6 15. f4 exf4 16. Nxf4 Ne5 17. Bb3 Bb7 18. Qd4 Qe7 19. Nd5 Qh4 20. Qf2 Qxe4
21. Nc3 Qg6 22. h3 Nf3+ 23. Kh1 Nh4 24. Bd5 Bxd5 25. Nxd5 Nf5 26. Rfe1 Ng3+ 27.
Kh2 Ne4 28. Qf4 f5 29. c4 Ra7 30. Rxe4 1-0

[Event "10.  Open C.A. Ciudad los Angeles"]
[Site "Madrid ESP"]
[Date "2016.04.17"]
[Round "3.6"]
[White "Martin Garcia, Francisco Javie"]
[Black "Huerto Moreno, Jorge"]
[Result "1/2-1/2"]
[WhiteElo "1617"]
[BlackElo "1728"]
[PlyCount "119"]
[EventDate "2016.04.03"]
[EventType "swiss"]
[EventRounds "9"]
[EventCountry "ESP"]
[Source "lmi"]
[SourceDate "2016.04.03"]

1. d4 d5 2. c4 c6 3. Nf3 Nf6 4. g3 Bf5 5. Bg2 Bxb1 6. Rxb1 Qa5+ 7. Bd2 Qxa2 8.
cxd5 Qxd5 9. O-O e6 10. e3 Qb5 11. b4 Ne4 12. Ne5 Nxd2 13. Qxd2 Na6 14. Nd3 Rd8
15. Qc3 Be7 16. Nc5 O-O 17. Nxa6 Qxa6 18. Ra1 Qb6 19. Rfb1 Bf6 20. Qc5 Rb8 21.
Rxa7 Qc7 22. b5 Be7 23. Qc1 Qb6 24. Rba1 c5 25. dxc5 Bxc5 26. Rxb7 Rxb7 27.
Bxb7 Qxb5 28. Rb1 Qa5 29. Ra1 Qc7 30. Bg2 Rc8 31. Ra8 Rxa8 32. Bxa8 f5 33. Qc4
Kf7 34. Qb3 Qe5 35. Bg2 g5 36. h3 h5 37. Qb7+ Kg6 38. Qa8 Kf7 39. Qb7+ Be7 40.
Qa8 h4 41. Qf3 Kg6 42. e4 Bd6 43. exf5+ exf5 44. Kh2 Qd4 45. Bf1 Kf6 46. Kg2
hxg3 47. fxg3 Bc5 48. Qc6+ Kg7 49. Qc7+ Kh6 50. Qc6+ Bd6 51. Qc4 Qe5 52. Qd3 f4
53. gxf4 Qxf4 54. Qe2 Qd4 55. Qe6+ Kg7 56. Qd7+ Kf6 57. Qd8+ Kf5 58. Qd7+ Ke5
59. Qg7+ Ke4 60. Qxd4+ 1/2-1/2

[Event "10.  Open C.A. Ciudad los Angeles"]
[Site "Madrid ESP"]
[Date "2016.04.17"]
[Round "3.7"]
[White "Ballesteros Jimenez, Miguel A"]
[Black "Rodriguez Nieto, Miguel"]
[Result "0-1"]
[WhiteElo "1591"]
[BlackElo "1725"]
[PlyCount "52"]
[EventDate "2016.04.03"]
[EventType "swiss"]
[EventRounds "9"]
[EventCountry "ESP"]
[Source "lmi"]
[SourceDate "2016.04.03"]

1. e4 c5 2. Nf3 e6 3. d4 cxd4 4. Nxd4 Nc6 5. Be3 a6 6. Nc3 Nf6 7. Qd2 Bb4 8. f3
O-O 9. O-O-O d5 10. Nb3 b5 11. Bc5 Bxc5 12. Nxc5 d4 13. Qf2 e5 14. Nb3 Be6 15.
Nc5 Qe7 16. Nxe6 Qxe6 17. Nd5 Nxd5 18. exd5 Qxd5 19. b3 Rac8 20. Bd3 Qc5 21.
Kb1 Qa3 22. c4 dxc3 23. Rc1 Nd4 24. Rhe1 f6 25. g4 Nxf3 26. Re3 Nd2+ 0-1

[Event "10.  Open C.A. Ciudad los Angeles"]
[Site "Madrid ESP"]
[Date "2016.04.17"]
[Round "3.8"]
[White "Bellod Thomas, Gonzalo"]
[Black "Lopez Suarez, Augusto"]
[Result "1/2-1/2"]
[WhiteElo "1715"]
[BlackElo "1560"]
[PlyCount "68"]
[EventDate "2016.04.03"]
[EventType "swiss"]
[EventRounds "9"]
[EventCountry "ESP"]
[Source "lmi"]
[SourceDate "2016.04.03"]

1. d4 d5 2. Nf3 Nf6 3. e3 c6 4. Bd3 Bg4 5. O-O Nbd7 6. c4 e6 7. cxd5 exd5 8.
Nc3 Bd6 9. a3 h6 10. b4 a6 11. Rb1 O-O 12. h3 Bh5 13. a4 b5 14. a5 Re8 15. Bd2
Ne4 16. Be2 Nxd2 17. Qxd2 Bg6 18. Bd3 Bxd3 19. Qxd3 Nf6 20. Rfc1 Qe7 21. Na2
Rec8 22. Nh4 Ne4 23. Nf3 Rc7 24. Nd2 f5 25. Nxe4 fxe4 26. Qb3 Rf8 27. Nc3 Kh8
28. Rc2 Rf6 29. Rbc1 Qd7 30. Nd1 Bf8 31. Nc3 Bd6 32. Ne2 Rg6 33. Nf4 Bxf4 34.
exf4 Rd6 1/2-1/2

[Event "10.  Open C.A. Ciudad los Angeles"]
[Site "Madrid ESP"]
[Date "2016.04.17"]
[Round "3.9"]
[White "Murciano Cespedosa, Antonio"]
[Black "Santacruz Sanchez, Jose Luis"]
[Result "1-0"]
[WhiteElo "1689"]
[BlackElo "1292"]
[PlyCount "81"]
[EventDate "2016.04.03"]
[EventType "swiss"]
[EventRounds "9"]
[EventCountry "ESP"]
[Source "lmi"]
[SourceDate "2016.04.03"]

1. d4 d5 2. Nf3 Bf5 3. Bf4 Nf6 4. e3 c6 5. c3 e6 6. Qb3 b5 7. Nbd2 Be7 8. a4
bxa4 9. Qb7 Nbd7 10. Bc7 Qc8 11. Ba6 Qxb7 12. Bxb7 O-O 13. Bxa8 Rxa8 14. Rxa4
Bd3 15. Ne5 Bb5 16. Ra2 c5 17. Nxd7 Nxd7 18. Nf3 f6 19. Kd2 a6 20. Kc2 Rc8 21.
Bg3 g5 22. Rha1 c4 23. Ra5 Rc6 24. Rxb5 axb5 25. Ra7 Kf7 26. Rxd7 h5 27. h3 h4
28. Bh2 Rb6 29. Ra7 Ke8 30. Bc7 Rc6 31. Ba5 Bd8 32. Bxd8 Kxd8 33. Rb7 Ra6 34.
Kb1 Ke8 35. Rxb5 Kf7 36. Rb7+ Kg6 37. Nh2 Kf5 38. Ng4 e5 39. dxe5 fxe5 40. Rf7+
Ke6 41. Rf6+ 1-0

[Event "10.  Open C.A. Ciudad los Angeles"]
[Site "Madrid ESP"]
[Date "2016.04.17"]
[Round "3.10"]
[White "Ramos Antona, Enrique"]
[Black "Cabezas Martin, Rodrigo"]
[Result "1/2-1/2"]
[WhiteElo "1588"]
[BlackElo "1657"]
[PlyCount "100"]
[EventDate "2016.04.03"]
[EventType "swiss"]
[EventRounds "9"]
[EventCountry "ESP"]
[Source "lmi"]
[SourceDate "2016.04.03"]

1. d4 d5 2. c4 e6 3. Nf3 c6 4. e3 Nf6 5. Nc3 Nbd7 6. Bd3 Bd6 7. O-O O-O 8. c5
Bc7 9. b4 e5 10. e4 exd4 11. Nxd4 dxe4 12. Nxe4 Nxe4 13. Bxe4 Qh4 14. f4 Nf6
15. g3 Qg4 16. Bf3 Qd7 17. Bb2 Nd5 18. Qb3 Nf6 19. Rad1 Qh3 20. Bg2 Qh6 21. f5
Ng4 22. h3 Qe3+ 23. Qxe3 Nxe3 24. Kf2 Nxd1+ 25. Rxd1 Bd7 26. g4 Rad8 27. Be4
Bc8 28. a4 a6 29. Rd3 Rfe8 30. Ke3 g6 31. b5 axb5 32. axb5 cxb5 33. Nxb5 Rxd3+
34. Kxd3 Bb8 35. Bf6 gxf5 36. gxf5 Re5 37. Bxe5 Bxe5 38. Nd6 Bxd6 39. cxd6 Kg7
40. Bxb7 Bxf5+ 41. Kd4 Bxh3 42. Bc6 h5 43. d7 Bxd7 44. Bxd7 Kf6 45. Ke4 Kg5 46.
Kf3 h4 47. Bh3 f6 48. Ke3 f5 49. Kf3 f4 50. Bc8 Kf6 1/2-1/2

[Event "10.  Open C.A. Ciudad los Angeles"]
[Site "Madrid ESP"]
[Date "2016.04.17"]
[Round "3.11"]
[White "Jimenez Manzano, Emiliano"]
[Black "Fernandez Sanchez, Lorenzo"]
[Result "0-1"]
[WhiteElo "1577"]
[BlackElo "1835"]
[PlyCount "100"]
[EventDate "2016.04.03"]
[EventType "swiss"]
[EventRounds "9"]
[EventCountry "ESP"]
[Source "lmi"]
[SourceDate "2016.04.03"]

1. e4 e5 2. Nf3 d6 3. d3 Be7 4. Nc3 Nf6 5. Bg5 Nc6 6. Bxf6 Bxf6 7. Nd5 O-O 8.
h3 Be6 9. Nxf6+ Qxf6 10. Be2 Qg6 11. Qd2 a5 12. a3 Nd4 13. Nxd4 exd4 14. g4 f6
15. f4 Qe8 16. f5 Bf7 17. g5 Bh5 18. gxf6 Rxf6 19. Qg5 Bxe2 20. Kxe2 h6 21. Qg4
Qc6 22. Rac1 Re8 23. Kd2 Qb5 24. Rhg1 Re7 25. Rb1 a4 26. Qg3 Qa5+ 27. c3 b6 28.
Qh4 Qe5 29. Qg3 dxc3+ 30. bxc3 Qc5 31. Rb4 b5 32. d4 Qc6 33. d5 Qc5 34. Rg2 c6
35. Qd3 cxd5 36. Qxd5+ Qxd5+ 37. exd5 Rxf5 38. Rxb5 Ree5 39. c4 Rf3 40. Rb8+
Kh7 41. Rb7 Rg5 42. Rxg5 hxg5 43. Rd7 Rxh3 44. Rxd6 g4 45. c5 Rxa3 46. Re6 g3
47. Re1 Rb3 48. c6 Rb5 49. c7 Rxd5+ 50. Ke2 Rc5 0-1

[Event "10.  Open C.A. Ciudad los Angeles"]
[Site "Madrid ESP"]
[Date "2016.04.17"]
[Round "3.12"]
[White "Barragan Panal, Juan Jose"]
[Black "Cuellar Gutierrez, Raul"]
[Result "1/2-1/2"]
[WhiteElo "1676"]
[BlackElo "1814"]
[PlyCount "79"]
[EventDate "2016.04.03"]
[EventType "swiss"]
[EventRounds "9"]
[EventCountry "ESP"]
[Source "lmi"]
[SourceDate "2016.04.03"]

1. Nf3 Nf6 2. d4 g6 3. Bg5 Bg7 4. Nbd2 b6 5. c3 Bb7 6. Qc2 O-O 7. e4 d6 8. Be2
Nbd7 9. h3 e5 10. d5 Qb8 11. O-O h6 12. Be3 Nh5 13. Nh4 Nf4 14. Bxf4 exf4 15.
Ndf3 Qd8 16. g3 fxg3 17. fxg3 Ne5 18. Rf2 Bc8 19. Kh2 Bd7 20. Raf1 Qe7 21. Ng1
Rae8 22. Nhf3 Nxf3+ 23. Bxf3 Be5 24. Qd2 Qh4 25. Rg2 Kh7 26. Qf2 h5 27. Kh1 Qg5
28. h4 Qe7 29. g4 hxg4 30. Bxg4 Bxg4 31. Rxg4 Qd7 32. Qg2 Rh8 33. Nh3 Kg7 34.
Ng5 Bf6 35. Rxf6 Kxf6 36. Rf4+ Kg7 37. Rxf7+ Qxf7 38. Nxf7 Kxf7 39. Qg4 Re7 40.
Qf4+ 1/2-1/2

[Event "10.  Open C.A. Ciudad los Angeles"]
[Site "Madrid ESP"]
[Date "2016.04.17"]
[Round "3.13"]
[White "Savchuk, Olga"]
[Black "De Pablo Peña, Miguel Angel"]
[Result "1-0"]
[WhiteElo "1554"]
[BlackElo "1585"]
[PlyCount "117"]
[EventDate "2016.04.03"]
[EventType "swiss"]
[EventRounds "9"]
[EventCountry "ESP"]
[Source "lmi"]
[SourceDate "2016.04.03"]

1. e4 c5 2. Nf3 Nc6 3. d4 cxd4 4. Nxd4 Nf6 5. Nc3 e5 6. Nb3 Bb4 7. Bd3 d5 8.
exd5 Nxd5 9. Bd2 Nxc3 10. bxc3 Be7 11. O-O O-O 12. Qh5 g6 13. Qf3 Bg5 14. Rab1
Be6 15. Bxg5 Qxg5 16. Nc5 Bg4 17. Qg3 b6 18. Ne4 Qf4 19. Qxg4 Qxg4 20. Nf6+ Kg7
21. Nxg4 f5 22. Ne3 e4 23. Bc4 Ne5 24. Bd5 Rac8 25. c4 f4 26. Nd1 Nxc4 27. Bxc4
Rxc4 28. c3 Re8 29. Rb4 Rc6 30. Re1 Rce6 31. Rb2 Rd8 32. Rbe2 Rd3 33. Kf1 Kf6
34. Nb2 Rxc3 35. Rxe4 Rxe4 36. Rxe4 Rc2 37. Re2 Rc1+ 38. Re1 Rc2 39. Rb1 h5 40.
Nd3 g5 41. Rb2 Rxb2 42. Nxb2 Ke5 43. Ke1 Kd4 44. Kd2 b5 45. a4 a6 46. axb5 axb5
47. Nd1 Kc4 48. Kc2 Kd4 49. Kd2 Kc4 50. Nb2+ Kd4 51. Nd3 Kc4 52. Ne5+ Kb3 53.
Nf3 b4 54. Nxg5 Ka2 55. Ne4 b3 56. Nc3+ Kb2 57. g3 f3 58. h3 Ka1 59. g4 1-0

[Event "10.  Open C.A. Ciudad los Angeles"]
[Site "Madrid ESP"]
[Date "2016.04.17"]
[Round "3.14"]
[White "Ghavami, Mahmoud"]
[Black "Salgado Duarte, Pablo"]
[Result "1-0"]
[WhiteElo "1403"]
[BlackElo "1550"]
[PlyCount "73"]
[EventDate "2016.04.03"]
[EventType "swiss"]
[EventRounds "9"]
[EventCountry "ESP"]
[Source "lmi"]
[SourceDate "2016.04.03"]

1. e4 e5 2. Nf3 Nc6 3. d4 exd4 4. Nxd4 Nf6 5. Nc3 Bb4 6. Nxc6 Bxc3+ 7. bxc3
bxc6 8. e5 Nd5 9. c4 Nb6 10. Ba3 Ba6 11. Qg4 g6 12. O-O-O Nc8 13. Qd4 Rg8 14.
g3 Nb6 15. c5 Bxf1 16. Rhxf1 Nd5 17. c4 Ne7 18. f4 Nf5 19. Qe4 Qe7 20. g4 Ng7
21. Rg1 h5 22. h3 hxg4 23. hxg4 Rh8 24. Rh1 O-O-O 25. Qe3 Qe6 26. Qe2 f6 27.
Bb2 f5 28. g5 Nh5 29. Qc2 Nxf4 30. Kb1 Qe7 31. Rxh8 Rxh8 32. e6 Rf8 33. exd7+
Kd8 34. Bf6 Rxf6 35. gxf6 Qxf6 36. Qb3 Ne6 37. Qb8+ 1-0

[Event "10.  Open C.A. Ciudad los Angeles"]
[Site "Madrid ESP"]
[Date "2016.04.17"]
[Round "3.15"]
[White "Caño Nieto, Jose Luis"]
[Black "Benitez Robles, Antonio"]
[Result "1-0"]
[WhiteElo "1537"]
[BlackElo "1390"]
[PlyCount "87"]
[EventDate "2016.04.03"]
[EventType "swiss"]
[EventRounds "9"]
[EventCountry "ESP"]
[Source "lmi"]
[SourceDate "2016.04.03"]

1. d4 d5 2. Bf4 Nf6 3. h3 Nc6 4. e3 Bf5 5. Bd3 Ne4 6. a3 e6 7. Nf3 Bd6 8. Bxd6
Qxd6 9. O-O Ne7 10. Nbd2 O-O 11. c4 Nxf2 12. Rxf2 Bxd3 13. c5 Qg3 14. Ne5 Bb5
15. Rf3 Qg5 16. Qe1 Nf5 17. Qf2 Qe7 18. b4 a5 19. Qe1 axb4 20. axb4 Rxa1 21.
Qxa1 c6 22. Qe1 f6 23. Ng4 Qd8 24. Nf1 Qa8 25. Ng3 Nh4 26. Rf4 Qa2 27. Nh6+
gxh6 28. Rxh4 Bd3 29. Rxh6 Bg6 30. Rh4 Qc4 31. Rg4 f5 32. Rf4 Qb5 33. Rh4 b6
34. Nh5 bxc5 35. bxc5 Qb7 36. Nf4 Qe7 37. Qg3 Qf6 38. Nd3 Re8 39. Ne5 Rc8 40.
Qf4 Qg7 41. Qg5 Kf8 42. Rh6 Be8 43. Rf6+ Bf7 44. Rxf7+ 1-0

[Event "10.  Open C.A. Ciudad los Angeles"]
[Site "Madrid ESP"]
[Date "2016.04.24"]
[Round "4.1"]
[White "Largo Barbero, Benito"]
[Black "Andalon Gomez, Carlos J"]
[Result "1/2-1/2"]
[WhiteElo "1944"]
[BlackElo "2000"]
[PlyCount "125"]
[EventDate "2016.04.03"]
[EventType "swiss"]
[EventRounds "9"]
[EventCountry "ESP"]
[Source "lmi"]
[SourceDate "2016.04.03"]

1. d4 d5 2. Nf3 Nf6 3. Bf4 c5 4. e3 Nc6 5. c3 Qb6 6. b3 Ne4 7. Ng5 Nxg5 8. Bxg5
Bf5 9. Bd3 Bxd3 10. Qxd3 cxd4 11. exd4 h6 12. Bf4 g5 13. Bg3 Bg7 14. Nd2 O-O
15. Nf3 f5 16. Be5 Nxe5 17. Nxe5 Bxe5 18. dxe5 e6 19. O-O Rac8 20. Rac1 Qa5 21.
Rc2 Qc7 22. Qd4 Qc5 23. Rfc1 Rc6 24. Qxc5 Rxc5 25. c4 Rfc8 26. Kf1 b5 27. Rd2
Kf7 28. Rb1 bxc4 29. bxc4 Rxc4 30. Rb7+ R4c7 31. Rdb2 f4 32. g4 fxg3 33. hxg3
Kg6 34. g4 h5 35. gxh5+ Kxh5 36. R7b3 Kg6 37. Rf3 Rf7 38. Rxf7 Kxf7 39. Rb7+
Kg6 40. Rxa7 Kf5 41. a4 Kxe5 42. a5 Rc2 43. a6 d4 44. Rd7 Ke4 45. a7 Ra2 46.
Kg2 e5 47. Kg3 Kd3 48. Kg4 Kd2 49. Kxg5 d3 50. Re7 Kd1 51. Rxe5 Rxa7 52. f4 Rd7
53. Ra5 d2 54. f5 Ke2 55. Ra2 Kf3 56. Rxd2 Rxd2 57. f6 Ke4 58. f7 Rf2 59. Kg6
Ke5 60. Kg7 Rg2+ 61. Kh7 Rf2 62. Kg7 Rg2+ 63. Kh7 1/2-1/2

[Event "10.  Open C.A. Ciudad los Angeles"]
[Site "Madrid ESP"]
[Date "2016.04.24"]
[Round "4.2"]
[White "Cabañas Bravo, Juan Andres"]
[Black "Sotres Menendez, Raul"]
[Result "1-0"]
[WhiteElo "1982"]
[BlackElo "1545"]
[PlyCount "40"]
[EventDate "2016.04.03"]
[EventType "swiss"]
[EventRounds "9"]
[EventCountry "ESP"]
[Source "lmi"]
[SourceDate "2016.04.03"]

1. e4 c5 2. Nf3 d6 3. d4 cxd4 4. Nxd4 Nf6 5. Nc3 a6 6. f3 Nc6 7. Be3 e5 8. Nb3
Be6 9. Qd2 Be7 10. O-O-O b5 11. g4 b4 12. Nd5 h6 13. Bb6 Nxe4 14. fxe4 Bg5 15.
Bxd8 Bxd2+ 16. Rxd2 Rxd8 17. h3 a5 18. Bb5 Bd7 19. Bxc6 Bxc6 20. Nxa5 Rc8 1-0

[Event "10.  Open C.A. Ciudad los Angeles"]
[Site "Madrid ESP"]
[Date "2016.04.24"]
[Round "4.3"]
[White "Barragan Arriaza, Pablo"]
[Black "Afana, Adham Jj"]
[Result "0-1"]
[WhiteElo "1735"]
[BlackElo "2104"]
[PlyCount "116"]
[EventDate "2016.04.03"]
[EventType "swiss"]
[EventRounds "9"]
[EventCountry "ESP"]
[Source "lmi"]
[SourceDate "2016.04.03"]

1. c4 c6 2. g3 d5 3. cxd5 cxd5 4. Bg2 Nf6 5. Nf3 e6 6. O-O Be7 7. d4 O-O 8. Nc3
Nc6 9. a3 a6 10. Qc2 Bd7 11. Bf4 Rc8 12. Qd2 Na5 13. Ne5 Nb3 14. Qe1 Nxa1 15.
Qxa1 b5 16. Rc1 Bc6 17. Nd3 Bb7 18. Bg5 Bd6 19. e3 h6 20. Bxf6 Qxf6 21. f4 Rc7
22. b4 Rfc8 23. Nc5 Bxc5 24. bxc5 Bc6 25. Na2 a5 26. Qc3 Ra7 27. Rb1 Qe7 28.
Nc1 f6 29. Nd3 Qc7 30. Bh3 Qe7 31. Kh1 Rb8 32. Bf1 Be8 33. Kg1 Qd7 34. Nf2 Qc7
35. Bh3 Bf7 36. Nd3 Rab7 37. Qd2 b4 38. axb4 axb4 39. Rb3 f5 40. Bf1 Be8 41.
Qb2 Qa5 42. Be2 Ba4 43. Qa1 Ra7 44. Rb2 b3 45. Qb1 Qc3 46. Kf2 Bc6 47. Nc1 Ra3
48. Bd1 Kh7 49. Ne2 Qc4 50. Nc1 Qb4 51. Kf3 Qe1 52. Nd3 Qh1+ 53. Ke2 Qxh2+ 54.
Nf2 Bb5+ 55. Kf3 Bf1 56. Nd3 Qh1+ 57. Kf2 Bxd3 58. Bf3 Qxb1 0-1

[Event "10.  Open C.A. Ciudad los Angeles"]
[Site "Madrid ESP"]
[Date "2016.04.24"]
[Round "4.4"]
[White "Rodriguez Nieto, Miguel"]
[Black "Garces Adan, Jose A"]
[Result "1-0"]
[WhiteElo "1725"]
[BlackElo "1808"]
[PlyCount "85"]
[EventDate "2016.04.03"]
[EventType "swiss"]
[EventRounds "9"]
[EventCountry "ESP"]
[Source "lmi"]
[SourceDate "2016.04.03"]

1. c4 e5 2. Nc3 Nf6 3. g3 Bc5 4. Nf3 Nc6 5. Bg2 a6 6. O-O d6 7. d3 h6 8. a3 O-O
9. b4 Ba7 10. Rb1 Bg4 11. Re1 Nh7 12. Qc2 Bxf3 13. exf3 Nd4 14. Qd1 f5 15. Ne2
f4 16. Nxd4 Bxd4 17. Bb2 fxg3 18. hxg3 Bxb2 19. Rxb2 Qf6 20. Rbe2 Ng5 21. Re3
Rae8 22. R1e2 Qg6 23. d4 exd4 24. Qxd4 Rxe3 25. Rxe3 Qb1+ 26. Kh2 Qc2 27. Re7
Qg6 28. f4 Nh7 29. Qd5+ Kh8 30. Be4 Qf6 31. Rxc7 Qb2 32. Kg2 Nf6 33. Qxb7 Qd4
34. Bf3 g5 35. Rc8 Rxc8 36. Qxc8+ Kg7 37. fxg5 hxg5 38. Qxa6 g4 39. Qb7+ Kg6
40. Bd5 Qd3 41. Qf7+ Kf5 42. Qe6+ Kg5 43. Qe3+ 1-0

[Event "10.  Open C.A. Ciudad los Angeles"]
[Site "Madrid ESP"]
[Date "2016.04.24"]
[Round "4.6"]
[White "Angelina Vela, Carlos"]
[Black "Martin Garcia, Francisco Javie"]
[Result "1-0"]
[WhiteElo "2104"]
[BlackElo "1617"]
[PlyCount "53"]
[EventDate "2016.04.03"]
[EventType "swiss"]
[EventRounds "9"]
[EventCountry "ESP"]
[Source "lmi"]
[SourceDate "2016.04.03"]

1. d4 Nf6 2. c4 g6 3. Nc3 d5 4. Nf3 Bg7 5. Qb3 dxc4 6. Qxc4 O-O 7. Bf4 Na6 8.
e3 Be6 9. Qa4 Bd7 10. Qb3 b5 11. Bxb5 Rb8 12. Qa4 Bxb5 13. Nxb5 Qd7 14. Qxa6
Rxb5 15. O-O Rxb2 16. Qxa7 Nd5 17. Be5 f6 18. Bg3 Rfb8 19. Rfc1 R8b7 20. Qc5
R2b5 21. Qc4 Rb4 22. Qd3 Bh6 23. h3 Qa4 24. Rc5 c6 25. Qe4 Rb2 26. Qe6+ Kf8 27.
Rxc6 1-0

[Event "10.  Open C.A. Ciudad los Angeles"]
[Site "Madrid ESP"]
[Date "2016.04.24"]
[Round "4.7"]
[White "Lopez Suarez, Augusto"]
[Black "Fernandez Sanchez, Lorenzo"]
[Result "0-1"]
[WhiteElo "1560"]
[BlackElo "1835"]
[PlyCount "80"]
[EventDate "2016.04.03"]
[EventType "swiss"]
[EventRounds "9"]
[EventCountry "ESP"]
[Source "lmi"]
[SourceDate "2016.04.03"]

1. e4 c6 2. d4 d5 3. f3 Qb6 4. Nc3 e5 5. Nge2 dxe4 6. fxe4 Bg4 7. Qd3 Bxe2 8.
Bxe2 Qxd4 9. Be3 Qxd3 10. Bxd3 Nd7 11. O-O Bc5 12. Bxc5 Nxc5 13. Bc4 f6 14.
Rad1 b5 15. Bd3 b4 16. Ne2 Nxd3 17. Rxd3 Rd8 18. Rfd1 Rxd3 19. Rxd3 Ke7 20. c3
a5 21. cxb4 axb4 22. a3 Nh6 23. axb4 Rb8 24. Rb3 Nf7 25. Kf2 Nd6 26. Ke3 c5 27.
b5 Rxb5 28. Rxb5 Nxb5 29. Kd3 Kd6 30. Ng3 g6 31. h4 h5 32. Ne2 Kc6 33. Ng1 Nd6
34. Nf3 c4+ 35. Ke3 Kc5 36. Nd2 Kb4 37. g3 Nb5 38. Kf3 Nd4+ 39. Ke3 Ne6 40. Kf3
Nc5 0-1

[Event "10.  Open C.A. Ciudad los Angeles"]
[Site "Madrid ESP"]
[Date "2016.04.24"]
[Round "4.8"]
[White "Huerto Moreno, Jorge"]
[Black "Ramos Antona, Enrique"]
[Result "1-0"]
[WhiteElo "1728"]
[BlackElo "1588"]
[PlyCount "93"]
[EventDate "2016.04.03"]
[EventType "swiss"]
[EventRounds "9"]
[EventCountry "ESP"]
[Source "lmi"]
[SourceDate "2016.04.03"]

1. e4 e5 2. Nf3 Nc6 3. Bc4 Nf6 4. Ng5 d5 5. exd5 Na5 6. Bb5+ c6 7. dxc6 bxc6 8.
Be2 Nd5 9. d3 h6 10. Nf3 Bd6 11. a3 O-O 12. c4 Nf6 13. b4 Nb7 14. c5 Bc7 15.
Bb2 Re8 16. Nbd2 a5 17. O-O Nd5 18. Qb3 Nf4 19. Rfe1 Be6 20. Nc4 Rb8 21. Qc2
Bd5 22. Bxe5 Nxe2+ 23. Rxe2 Bxf3 24. gxf3 Bxe5 25. Rae1 Qg5+ 26. Kf1 f6 27. d4
Qh5 28. dxe5 Qh3+ 29. Kg1 f5 30. Nd6 Rf8 31. Qc3 f4 32. bxa5 Nxd6 33. exd6 Rf5
34. Re5 Rxe5 35. Rxe5 Rb1+ 36. Re1 Rxe1+ 37. Qxe1 Qxf3 38. Qe6+ Kh8 39. d7 Qd1+
40. Kg2 f3+ 41. Kg3 Qg1+ 42. Kxf3 Qd1+ 43. Kf4 Qd4+ 44. Kf5 Qxc5+ 45. Kg6 Qg5+
46. Kf7 Qd8 47. Qe8+ 1-0